[Event "Dulles Skyline op 3rd"]
[White "Zhao, Kevin1"]
[Black "Gilbert, Walker Wade"]
[Site "Dulles"]
[Round "8"]
[Result "1-0"]
[Date "2024.10.14"]
[WhiteElo "1901"]
[BlackElo "1719"]
[PlyCount "93"]
[EventDate "2024.10.10"]
[EventType "swiss"]
[EventRounds "9"]
[EventCountry "USA"]
[SourceTitle "CB43_2024"]
[Source "Chessbase"]
[SourceDate "2024.10.23"]
[SourceVersion "1"]
[SourceVersionDate "2024.10.23"]
[SourceQuality "1"]

1. e4 e6 2. d4 d5 3. Nd2 c5 4. exd5 Qxd5 5. Ngf3 cxd4 6. Bc4 Qd6 7. 0-0 Nc6 8. Nb3 Nf6 9. Nbxd4 Nxd4 10. Nxd4 a6 11. Re1 Bd7 12. b3 0-0-0 13. Bb2 Qc7 14. Qe2 Bd6 15. h3 Bc6 16. Nxc6 Qxc6 17. Rad1 h5 18. Rd3 Kb8 19. a4 h4 20. Red1 Be7 21. Qe5+ Ka8 22. Rxd8+ Rxd8 23. Rxd8+ Bxd8 24. Qd4 Bc7 25. Qxh4 Qd6 26. Qh8+ Ka7 27. Qxg7 Qd1+ 28. Bf1 Qd6 29. g3 Nd5 30. c4 Nb6 31. Qd4 Qxd4 32. Bxd4 e5 33. Be3 a5 34. h4 f5 35. f4 exf4 36. Bxf4 Bxf4 37. gxf4 Nc8 38. h5 Ne7 39. h6 Kb6 40. h7 Ng6 41. Bd3 Kc5 42. Bxf5 Nh8 43. Kf2 Kb4 44. Ke3 Kxb3 45. Bd7 Kxc4 46. Ke4 Kc5 47. Ke5 1-0

[Event "Dulles Skyline op 3rd"]
[White "Gilbert, Walker Wade"]
[Black "Oneill, Noah Thomas"]
[Site "Dulles"]
[Round "5"]
[Result "0-1"]
[Date "2024.10.12"]
[WhiteElo "1719"]
[BlackElo "1901"]
[PlyCount "142"]
[EventDate "2024.10.10"]
[EventType "swiss"]
[EventRounds "9"]
[EventCountry "USA"]
[SourceTitle "CB43_2024"]
[Source "Chessbase"]
[SourceDate "2024.10.23"]
[SourceVersion "1"]
[SourceVersionDate "2024.10.23"]
[SourceQuality "1"]

1. e4 Nc6 2. d4 e5 3. d5 Nce7 4. Nf3 Ng6 5. c4 Nf6 6. Bd3 Bb4+ 7. Nc3 Bxc3+ 8. bxc3 d6 9. h3 0-0 10. 0-0 Nh5 11. Nh2 Nhf4 12. Bxf4 Nxf4 13. Qf3 Qg5 14. Kh1 f5 15. exf5 Bxf5 16. Bxf5 Rxf5 17. h4 Qg6 18. g3 Nh5 19. Qe3 Rf7 20. c5 b6 21. c6 Raf8 22. Rae1 Nf6 23. c4 Ng4 24. Nxg4 Qxg4 25. Qe2 Rf3 26. Kg2 R8f6 27. Qe4 R3f4 28. Qe2 Qxe2 29. Rxe2 Rxc4 30. f4 exf4 31. Re8+ Rf8 32. Re7 f3+ 33. Kh3 Rd4 34. Rxc7 Rxd5 35. Rd7 Rd3 36. c7 Rc3 37. Re1 f2 38. Rf1 Rc2 39. Kg2 h6 40. Kh3 d5 41. Kg2 d4 42. Kh3 d3 43. a3 d2 44. Rd8 d1Q 45. Rfxd1 Rxc7 46. Rxf8+ Kxf8 47. Kg2 Rf7 48. Kf1 Ke7 49. a4 Ke6 50. Rd4 Ke5 51. Rg4 Kd5 52. Rb4 Kc5 53. Re4 a6 54. Re6 Rf6 55. Re7 g6 56. Rh7 h5 57. Re7 b5 58. Re5+ Kb4 59. Re4+ Ka5 60. axb5 axb5 61. Re8 b4 62. Ra8+ Kb5 63. Rb8+ Kc4 64. Rc8+ Kb3 65. Rb8 Kc3 66. Rc8+ Kb2 67. Rb8 b3 68. Rb7 Rf3 69. Rb6 Kc2 70. Rxg6 b2 71. Rc6+ Rc3 0-1

[Event "Dulles Skyline op 3rd"]
[White "Kandikayala, Srikar"]
[Black "Gilbert, Walker Wade"]
[Site "Dulles"]
[Round "2"]
[Result "1/2-1/2"]
[Date "2024.10.11"]
[WhiteElo "1808"]
[BlackElo "1719"]
[PlyCount "119"]
[EventDate "2024.10.10"]
[EventType "swiss"]
[EventRounds "9"]
[EventCountry "USA"]
[SourceTitle "CB43_2024"]
[Source "Chessbase"]
[SourceDate "2024.10.23"]
[SourceVersion "1"]
[SourceVersionDate "2024.10.23"]
[SourceQuality "1"]

1. e4 e6 2. d4 d5 3. exd5 exd5 4. c4 Nf6 5. Nc3 Be6 6. Qb3 b6 7. Nf3 dxc4 8. Bxc4 Bxc4 9. Qxc4 Bd6 10. 0-0 0-0 11. Bg5 Nbd7 12. Rfe1 Re8 13. Rad1 Rxe1+ 14. Rxe1 h6 15. Bh4 Qf8 16. Nb5 a6 17. Nxd6 Qxd6 18. Bg3 Qd5 19. b3 c5 20. Rd1 Qxc4 21. bxc4 cxd4 22. Nxd4 Rc8 23. Rc1 b5 24. c5 Rxc5 25. Rxc5 Nxc5 26. f3 Nd5 27. Kf1 Ne6 28. Nc2 a5 29. Be1 b4 30. g3 Kf8 31. Ke2 Ke7 32. Kd3 Kd6 33. Kc4 Kc6 34. Bf2 Nb6+ 35. Bxb6 Kxb6 36. Ne3 Ng5 37. f4 Nf3 38. Kd3 Kc5 39. Nf5 a4 40. h3 Ne1+ 41. Kd2 b3 42. axb3 a3 43. Kc3 Nd3 44. Ne3 Nf2 45. b4+ Kb5 46. Nc2 Ne4+ 47. Kb3 a2 48. Nd4+ Kb6 49. Kxa2 Nxg3 50. Kb3 g5 51. fxg5 hxg5 52. Kc3 Ne4+ 53. Kd3 Nf2+ 54. Ke3 Nxh3 55. Kf3 Nf4 56. Kg4 f6 57. Kf5 Nd5 58. Ke6 Nxb4 59. Kxf6 g4 60. Ne2 1/2-1/2